000 00282nam a2200121Ia 4500
005 20251222141919.0
008 251222s9999||||xx |||||||||||||| ||spa||
082 _a858.83/A54/1998
100 _aAmicis, Edmundo de
245 0 _aCorazón
264 _bSociedad Comercial
942 _cLIB
999 _c8659
_d8659